00747 2200253 4500001002100000005001500021035002000036007000300056008004100059020001800100082001000118084001600128100002100144245015100165250001000316260003200326300002900358650002300387700001700410700001800427504002600445990001100471990001100482INLIS00000000000386120190731101620 a0010-0719000279ta190731 g 0 ind  a602-317-095-1 a387.2 a387.2 LUK p0 aLUKMAN, Hakiem M1 aPetualangan Seru Mengenal 32 Kapal Laut Menakjubkan :b(Termewah- Terbesar- Tercanggih) /cM. Lukman Hakiem; penyunting, Tin Zulaeha, Rini Yuliana acet.1 aSolo :bVisi Mandiri,c2015 a112 hlm :bilus ;c24 cm 4aTRANSPORTASI KAPAL0 aTIN, Zulaeha0 aRINI, Yuliana aBibliografi.: hlm.100 a5409 a a5409 b